Výkon ekonomiky vs. výnos korporátnej dane

Realizácia daňovej politiky predstavuje praktické využívanie daňových nástrojov k ovplyvňovaniu ekonomických a sociálnych procesov v spoločnosti. Zmeny v daňovej politike majú výrazný dopad na vývoj fiškálnej politiky, ako aj formovanie dôchodkovej a sociálnej politiky. Faktory, ktoré majú významný...

Ausführliche Beschreibung

Gespeichert in:
Bibliographische Detailangaben
1. Verfasser: Kušnírová, Jana, 1977-
Weitere Verfasser: Válek, Juraj, 1981-
Format: Buchkapitel
Sprache:Slowakisch
Schlagworte:
Tags: Tag hinzufügen
Keine Tags, Fügen Sie das erste Tag hinzu!

MARC

LEADER 00000nla a2200000 4500
001 0242095
005 20260205071156.6
041 0 |a slo 
044 |a SK 
245 1 0 |a Výkon ekonomiky vs. výnos korporátnej dane  |c Jana Kušnírová, Juraj Válek 
520 |a Realizácia daňovej politiky predstavuje praktické využívanie daňových nástrojov k ovplyvňovaniu ekonomických a sociálnych procesov v spoločnosti. Zmeny v daňovej politike majú výrazný dopad na vývoj fiškálnej politiky, ako aj formovanie dôchodkovej a sociálnej politiky. Faktory, ktoré majú významný vplyv na vývoj výnosov korporátnej dane v podmienkach Slovenskej republiky a Nemeckej spolkovej republiky a kvantifikácia vplyvu týchto faktorov na výnos korporátnej dane v oboch ekonomikách. 
610 2 0 |a osoby právnické 
610 2 0 |a dane korporatívne 
610 2 0 |a Nemecko 
610 2 0 |a politika daňová 
610 2 0 |a výnosy daňové 
610 2 0 |a Slovensko 
610 2 0 |a výkonnosť ekonomiky 
100 1 |a Kušnírová, Jana, 1977- 
700 1 |a Válek, Juraj, 1981-